000 00636nam a2200241Ia 4500
003 OSt
005 20220918174840.0
006 a|||||r|||| 00| 0
007 ta
008 220917b |||||||| |||| 00| 0 eng d
024 _a14,425
037 _cTextual
040 _aARTS
_cARTS
_beng
041 _2eng
_aeng
082 _aNT60j791g, N4
245 0 _aCambridge guide to African and Caribbean theatre ed by Martin Banham etc.
260 _aCambridge
_bCUP
_c1994
300 _a261p.
_ccm.
500 _aIndex
650 _aTHEATRE; ARTS
942 _hNT60j791g, N4
_cTEXL
_2CC
999 _c154973
_d154973